000 00584nam a2200169Ia 4500
008 140609s9999 xx 000 0 und d
020 _a9789715844581
050 _aQR 65
_b.M626 2006
245 _aMicrobiology and parasitology :
_blaboratory manual for the health sciences /
_ceditors, Howell Ho, Rosita Roldan-Gan, Vivian Verbo
250 _a2nd ed.
260 _aQuezon City, Philippines :
_bC&E Publishing, Inc.,
_cc2006.
300 _a211 p. ;
_c27 cm.
500 _aIncludes bibliographical references and appendix.
521 _aNUR
942 _kLOC
_cBK
999 _c118270
_d118270